000 00282nam a22001337a 4500
008 170930b xxu||||| |||| 00| 0 eng d
020 _a9780325001098
041 _aeng
080 _a37
100 _a47
101 _aEDU
245 _aCONVERSATIONS
_cROUTMAN, R
942 _2udc
_cBK
999 _c31015
_d31015